000 01272nam a2200253 a 4500
001 000047912
005 20250701132842.0
008 090916s1999 dr a 000 0 spa d
040 _aDO-SdBNP
_bspa
_cBNPHU
082 _a338.6427293
_bO77m, 1999
100 1 _aOrtíz, Marina
_910383
245 1 0 _aMicroempresas globalización y servicios financieros en la República Dominicana (1998-1999) /
_cMarina Ortíz , Jeffey Poyo.
260 _aSanto Domingo :
_bFondo para el Financiamiento de la Microempresa (FONDOMICRO),
_c1999.
300 _a200 p. :
_bil., gráf. ;
_c30 cm.
500 _aIncluye referencias bibliográficas y notas al pie de las páginas
505 0 _aMicroempresas, globalización y servicios financieros en la República Dominicana 1998--1999 --
_tEl enfoque comercial de las microfinanzas en la República Dominicana --
_tAnexo estadístico.
590 _aInventariado,2018/VM
610 1 4 _aFONDO PARA EL DESARROLLO (REPÚBLICA DOMINICANA )
_975001
650 4 _aMicroempresa
_zRepública Dominicana
_y(1998-1999)
_975473
650 0 _aDesarrollo económico
_985548
650 4 _aMovimiento de capitales
_zRepública Dominicana
_912122
700 1 _aPoyo, Jeffey
_975474
710 1 _aFondo para el Financiamiento de la Microempresa (FONDOMICRO)
_922500
999 _c47400
_d47400